[Event "18e tournoi d'automne - tournoi A"]
[Site "Montigny le Bretonneux"]
[Date "2019.10.23"]
[Round "5.4"]
[White "Rumeau, Jean-Michel"]
[Black "Boulemnakher, Karim"]
[Result "1/2-1/2"]
[WhiteElo "1934"]
[BlackElo "1845"]
[Annotator "Rivier,Sylvain"]
[PlyCount "166"]
[EventDate "2019.??.??"]

{D�fense Petroff} 1. e4 e5 2. Nf3 Nf6 3. Nxe5 d6 4. Nf3 Nxe4 5. Qe2 Qe7 6. d3
Nf6 7. Bg5 Qxe2+ 8. Bxe2 Be7 9. Nc3 Bf5 10. Nd4 Bg6 11. h3 Nbd7 12. f4 h6 13.
Bh4 O-O-O 14. Bf2 d5 15. g4 c5 16. Nf3 d4 17. Nb5 a6 18. Na3 Nd5 19. f5 Bh7 20.
O-O-O Rhe8 21. Bg3 N7b6 22. Nc4 Nxc4 23. dxc4 Ne3 24. Rd2 Bd6 25. Bxd6 Rxd6 26.
c3 Red8 27. cxd4 cxd4 28. b3 f6 29. Bd3 Bg8 30. Re1 Bf7 31. Nxd4 Nxc4 32. Bxc4
Bxc4 33. Nf3 Bd5 34. Rc2+ Kb8 35. Nd2 b5 36. Nb1 Bb7 37. Re7 Rd1+ 38. Kb2 R8d7
39. Re8+ Ka7 40. Re3 Bc6 41. Rce2 R1d6 42. a3 a5 43. Nc3 b4 44. axb4 axb4 45.
Na2 Rb7 46. Rc2 Bd5 47. Nc1 Rdd7 48. Rce2 Rdc7 49. Rd2 Rb5 50. Na2 Rcb7 51.
Red3 Bf7 52. Rd6 h5 53. R2d4 hxg4 54. hxg4 Bg8 55. Rf4 Re7 56. Rd2 Re3 57. Nc1
Rd5 58. Rc2 Rb5 59. Rc7+ Rb7 60. Rxb7+ Kxb7 61. Rxb4+ Kc6 62. Kc2 Rg3 63. Nd3
Bd5 64. Kd2 Bf3 65. Nf2 Bd5 66. Nd3 Bf3 67. Rc4+ Kb6 68. Nf2 Bd5 69. Rc3 Rxc3
70. Kxc3 Bg2 71. Kd4 Bf3 72. Ke3 Bd5 73. b4 Kb5 74. Nd3 Bf7 75. Kd4 g6 76. Ke4
Be8 77. Nf4 Bc6+ 78. Nd5 Kc4 79. fxg6 Bxd5+ 80. Kf5 Kxb4 81. Kxf6 Kc5 82. g7
Kd6 83. g5 Bg8 1/2-1/2

[Event "18e tournoi d'automne - tournoi A"]
[Site "Montigny le Bretonneux"]
[Date "2019.10.23"]
[Round "5.5"]
[White "Taramelli, Marc"]
[Black "Plantet, Marc"]
[Result "1-0"]
[WhiteElo "1829"]
[BlackElo "1731"]
[Annotator "Rivier,Sylvain"]
[PlyCount "43"]
[EventDate "2019.??.??"]

{Partie italienne, guiocco piano} 1. e4 e5 2. Nf3 Nc6 3. Bc4 Bc5 4. c3 Nf6 5.
d4 exd4 6. cxd4 Bb4+ 7. Nc3 Nxe4 8. O-O Bxc3 9. d5 Bf6 10. Re1 O-O 11. Rxe4 Na5
12. Bd3 c5 13. d6 b6 14. Rg4 Bb7 15. Ng5 h6 16. Nh7 Be5 17. Bxh6 f5 18. Nxf8
Qxf8 19. Rg6 Be4 20. Bxe4 fxe4 21. Qd5+ Kh7 22. Qxe4 1-0

[Event "18e tournoi d'automne - tournoi A"]
[Site "Montigny le Bretonneux"]
[Date "2019.10.24"]
[Round "6.1"]
[White "Gouanelle, Franck"]
[Black "Drouot, Frederic"]
[Result "1/2-1/2"]
[WhiteElo "2131"]
[BlackElo "1972"]
[Annotator "Rivier,Sylvain"]
[PlyCount "93"]
[EventDate "2019.??.??"]

{D�fense Petroff} 1. e4 e5 2. Nf3 Nf6 3. Nc3 Bb4 4. Bd3 Nc6 5. Nd5 O-O 6. c3
Be7 7. Bc2 Re8 8. Nxe7+ Qxe7 9. O-O h6 10. h3 d5 11. d3 Be6 12. Qe2 dxe4 13.
dxe4 a6 14. Nh4 Rad8 15. Nf5 Qc5 16. Qf3 Bxf5 17. exf5 Nd4 18. cxd4 Qxc2 19.
dxe5 Rxe5 20. Qxb7 Rxf5 21. Be3 Rb5 22. Qxa6 Rxb2 23. a3 Qe4 24. Rad1 Ra8 25.
Qd3 Ra2 26. Bc5 Qxd3 27. Rxd3 Ne4 28. Be7 Nd6 29. Bxd6 cxd6 30. Rxd6 R2xa3 31.
Kh2 Ra1 32. Rxa1 Rxa1 33. Rd8+ Kh7 34. g4 g5 35. Kg3 Rg1+ 36. Kh2 Ra1 37. Kg2
Ra4 38. Kg3 Ra3+ 39. f3 Ra4 40. h4 Rf4 41. Rd5 Kg6 42. Rd6+ Kg7 43. Rd5 Kg6 44.
Rb5 Ra4 45. Rb3 Rc4 46. Rb6+ Kg7 47. Ra6 1/2-1/2

[Event "18e tournoi d'automne - tournoi A"]
[Site "Montigny le Bretonneux"]
[Date "2019.10.24"]
[Round "6.2"]
[White "Taramelli, Marc"]
[Black "Veron, Cyprien"]
[Result "0-1"]
[WhiteElo "1829"]
[BlackElo "2024"]
[Annotator "Rivier,Sylvain"]
[PlyCount "36"]
[EventDate "2019.??.??"]

{D�fense des deux cavaliers} 1. e4 e5 2. Nf3 Nc6 3. Bc4 Nf6 4. d4 exd4 5. O-O
Bc5 6. e5 d5 7. exf6 dxc4 8. Re1+ Be6 9. Ng5 g6 10. Nxe6 fxe6 11. Rxe6+ Kf7 12.
Qe2 Qd5 13. Re4 Rhe8 14. Rxe8 Rxe8 15. Qf1 Nb4 16. Na3 d3 17. cxd3 Bxf2+ 18.
Qxf2 Nxd3 0-1

[Event "18e tournoi d'automne - tournoi A"]
[Site "Montigny le Bretonneux"]
[Date "2019.10.24"]
[Round "6.3"]
[White "Forissier, Nicolas"]
[Black "Rumeau, Jean-Michel"]
[Result "0-1"]
[WhiteElo "1929"]
[BlackElo "1934"]
[Annotator "Rivier,Sylvain"]
[PlyCount "140"]
[EventDate "2019.??.??"]

{Défense est-indienne, variante du fianchetto} 1. d4 Nf6 2. c4 g6 3. Nc3 Bg7
4. e4 d6 5. Nf3 O-O 6. g3 c6 7. Bg2 Nbd7 8. O-O Qc7 9. Bd2 Re8 10. d5 a5 11. a3
Nc5 12. Ne1 a4 13. Be3 Nfd7 14. Nd3 Nxd3 15. Qxd3 e6 16. Rad1 exd5 17. cxd5 Ne5
18. Qc2 Qa5 19. dxc6 bxc6 20. Rd4 Ba6 21. Rxa4 Bd3 22. Qd1 Qc7 23. Rxa8 Rxa8
24. Re1 Ba6 25. Bd4 Nd3 26. Bxg7 Nxe1 27. Bf6 Nxg2 28. Qd2 Qb8 29. Kxg2 Qf8 30.
e5 dxe5 31. Ne4 Re8 32. Bg5 Re6 33. Nf6+ Kh8 34. Bh6 Qc8 35. Qg5 c5 36. Qh4
Qc6+ 37. Ne4 Bb7 38. f3 f6 39. Bf8 Qe8 40. Bxc5 Bxe4 41. Qxe4 Qd7 42. b4 Re8
43. a4 Qxa4 44. Qb7 Qc2+ 45. Bf2 e4 46. Qf7 exf3+ 47. Kh3 Qf5+ 48. g4 Qe6 49.
Qxe6 Rxe6 50. Kg3 Re2 51. Kxf3 Rb2 52. g5 Kg8 53. gxf6 Rxb4 54. Be3 Rb5 55. Bd4
Kf7 56. Kg3 Rb3+ 57. Kg2 Rd3 58. Be5 Ke6 59. Ba1 h6 60. h4 Rd1 61. Bc3 Rc1 62.
Bd4 Rc4 63. Bf2 Kxf6 64. Kf3 Kf5 65. Be1 Ra4 66. Bf2 Ra3+ 67. Kg2 Kg4 68. Be1
Ra2+ 69. Kg1 Ra1 70. Kf1 Kf3 0-1

[Event "18e tournoi d'automne - tournoi A"]
[Site "Montigny le Bretonneux"]
[Date "2019.10.24"]
[Round "6.4"]
[White "Boulemnakher, Karim"]
[Black "Claisse, Patrick"]
[Result "1/2-1/2"]
[WhiteElo "1845"]
[BlackElo "1757"]
[Annotator "Rivier,Sylvain"]
[PlyCount "142"]
[EventDate "2019.??.??"]

{D�fense sicilienne, variante Alapine} 1. e4 c5 2. c3 d5 3. exd5 Qxd5 4. d4 Nc6
5. Nf3 Bg4 6. Be2 Nf6 7. c4 Qh5 8. d5 Ne5 9. Nxe5 Qxe5 10. f3 Bd7 11. Nc3 g6
12. O-O Bg7 13. Re1 Nh5 14. Bd3 Qc7 15. Qe2 e6 16. dxe6 Bxe6 17. Nd5 Qd7 18.
Be3 Rc8 19. Rad1 O-O 20. Be4 Bxd5 21. Rxd5 Qe7 22. Qf2 b6 23. Bg5 Qc7 24. Red1
Nf6 25. Bxf6 Bxf6 26. Rd7 Qf4 27. Qd2 Qxd2 28. R1xd2 Rcd8 29. R2d5 Rxd7 30.
Rxd7 Bxb2 31. Rxa7 Bc3 32. Bd5 g5 33. Kf2 Kg7 34. Rb7 Ba5 35. g4 Kg6 36. Be4+
Kg7 37. Kg2 h6 38. h4 Kf6 39. Rd7 Re8 40. hxg5+ hxg5 41. a4 Re7 42. Rd8 Kg7 43.
Rd5 f6 44. Rd6 Kf7 45. Kf2 Kg7 46. Ke2 Re8 47. Rd7+ Kf8 48. Kd3 Re7 49. Rd6 Kg7
50. Bd5 Ra7 51. Ke4 Kg6 52. Be6 Re7 53. Kd5 Kg7 54. Kc6 Kg6 55. Kb5 Kg7 56. Bd5
Ra7 57. Rxb6 Bxb6 58. Kxb6 Rxa4 59. Kxc5 Ra6 60. Kb5 Ra1 61. Kc5 Ra6 62. Bc6
Kg6 63. Kd5 f5 64. c5 fxg4 65. fxg4 Kf6 66. Kd6 Kf7 67. Kc7 Ke7 68. Bb5 Ra1 69.
Kb6 Rc1 70. c6 Kd6 71. Kb7 Rc2 1/2-1/2

[Event "18e tournoi d'automne - tournoi A"]
[Site "Montigny le Bretonneux"]
[Date "2019.10.24"]
[Round "6.5"]
[White "Plantet, Marc"]
[Black "Verat-Fayolle, Celian"]
[Result "1-0"]
[WhiteElo "1731"]
[BlackElo "1843"]
[Annotator "Rivier,Sylvain"]
[PlyCount "89"]
[EventDate "2019.??.??"]

{D�fense des deux cavaliers} 1. e4 e5 2. Nf3 Nc6 3. Bc4 Nf6 4. d3 Be7 5. O-O
O-O 6. c3 d5 7. exd5 Nxd5 8. b4 Bg4 9. Re1 Kh8 10. b5 Na5 11. Rxe5 Nxc4 12.
dxc4 Nb6 13. Qxd8 Raxd8 14. Rxe7 Rd1+ 15. Re1 Bxf3 16. Rxd1 Bxd1 17. Bf4 Re8
18. Nd2 Re1+ 19. Nf1 Nxc4 20. f3 Nd6 21. Bg3 Rxf1+ 22. Kxf1 Ba4 23. Bxd6 Bxb5+
24. Kf2 cxd6 25. Rd1 Kg8 26. Rxd6 Kf8 27. Ke3 Ke7 28. Rd4 Bc6 29. a4 h5 30. a5
g5 31. g4 hxg4 32. fxg4 f5 33. gxf5 Kf6 34. a6 Kxf5 35. axb7 Bxb7 36. Rd7 Bc6
37. Rxa7 Kg4 38. Rg7 Kh4 39. c4 g4 40. Kf4 Kh3 41. Rh7+ Kg2 42. Kxg4 Bf3+ 43.
Kf4 Be2 44. c5 Bd3 45. Rh6 1-0

[Event "18e tournoi d'automne - tournoi A"]
[Site "Montigny le Bretonneux"]
[Date "2019.10.25"]
[Round "7.1"]
[White "Verat-Fayolle, Celian"]
[Black "Gouanelle, Franck"]
[Result "1-0"]
[WhiteElo "1843"]
[BlackElo "2131"]
[Annotator "Rivier,Sylvain"]
[PlyCount "77"]
[EventDate "2019.??.??"]

{D�fense sicilienne, variante Alapine} 1. e4 c5 2. Nf3 e6 3. c3 d5 4. exd5 Qxd5
5. d4 Nf6 6. Be2 cxd4 7. cxd4 Nc6 8. Nc3 Qd6 9. O-O Be7 10. Be3 O-O 11. Qb3 Rd8
12. a3 b6 13. Ne5 Bb7 14. Bf3 Na5 15. Qd1 Ba6 16. Bxa8 Bxf1 17. Bf3 Ba6 18. b4
Nc4 19. Qa4 Nxe5 20. dxe5 Qxe5 21. Qxa6 Qxc3 22. Rc1 Qd3 23. Qxa7 Bf8 24. Qxb6
Re8 25. a4 Nd5 26. Bxd5 exd5 27. b5 Rc8 28. Ra1 Qc3 29. Qd4 Qb3 30. g3 Rc4 31.
Qd1 Qxd1+ 32. Rxd1 Rxa4 33. Rxd5 Rb4 34. b6 g6 35. Rd8 Kg7 36. Bd4+ f6 37. Kg2
Rb3 38. Rd7+ Kg8 39. b7 1-0

[Event "18e tournoi d'automne - tournoi A"]
[Site "Montigny le Bretonneux"]
[Date "2019.10.25"]
[Round "7.2"]
[White "Veron, Cyprien"]
[Black "Plantet, Marc"]
[Result "1-0"]
[WhiteElo "2024"]
[BlackElo "1731"]
[Annotator "Rivier,Sylvain"]
[PlyCount "89"]
[EventDate "2019.??.??"]

{Ouverture anglaise, variante sym�trique} 1. Nf3 Nf6 2. c4 c5 3. d4 cxd4 4.
Nxd4 e6 5. Nc3 Nc6 6. g3 Bc5 7. Nb3 Bb4 8. Bd2 Ne5 9. Nb5 Bxd2+ 10. Nxd2 d5 11.
cxd5 exd5 12. Bg2 O-O 13. O-O Qb6 14. Qb3 Nc4 15. Rfd1 Na5 16. Qd3 Bd7 17. Nd4
Rac8 18. b3 Rc7 19. Rac1 Rfc8 20. Rxc7 Rxc7 21. e4 Nc6 22. Nxc6 Bxc6 23. exd5
Rd7 24. Nc4 Qd8 25. Ne3 Rd6 26. Bf3 Bd7 27. a4 g6 28. Nc4 Bf5 29. Qd4 Rd7 30.
Rd2 b6 31. d6 Bh3 32. Ne5 Qe8 33. Rd1 Rd8 34. Nc6 Rc8 35. Ne7+ Kg7 36. g4 Rc5
37. d7 Qxd7 38. Qxd7 Nxd7 39. Rxd7 Rc1+ 40. Rd1 Rc3 41. Bd5 Bxg4 42. Re1 Kf6
43. Bc4 Rc2 44. Nd5+ Kg5 45. Ne3 1-0

[Event "18e tournoi d'automne - tournoi A"]
[Site "Montigny le Bretonneux"]
[Date "2019.10.25"]
[Round "7.4"]
[White "Rumeau, Jean-Michel"]
[Black "Taramelli, Marc"]
[Result "1-0"]
[WhiteElo "1934"]
[BlackElo "1829"]
[Annotator "Rivier,Sylvain"]
[PlyCount "161"]
[EventDate "2019.??.??"]

{Défense sicilienne, attaque yougoslave} 1. e4 c5 2. Nf3 d6 3. d4 cxd4 4. Nxd4
Nf6 5. Nc3 g6 6. f3 Bg7 7. Be3 O-O 8. Qd2 Nc6 9. g4 Bd7 10. h4 Rc8 11. h5 Ne5
12. Be2 Nc4 13. Bxc4 Rxc4 14. O-O-O Qa5 15. Kb1 Rfc8 16. Nd5 Qxd2 17. Nxf6+
Bxf6 18. Rxd2 a6 19. g5 Bg7 20. Ne2 b5 21. Bd4 Bxd4 22. Nxd4 R4c5 23. hxg6 Rxg5
24. gxf7+ Kxf7 25. Rxh7+ Kg6 26. Rh1 Rh8 27. Re1 Rh4 28. b3 Kf6 29. Rf2 e5 30.
Ne2 Ke7 31. a3 Kd8 32. Kb2 a5 33. Rd1 Kc7 34. Nc3 Bc6 35. Nd5+ Bxd5 36. Rxd5
Kc6 37. Rfd2 Rg6 38. a4 bxa4 39. bxa4 Rf4 40. R2d3 Rgf6 41. Rxa5 Rxf3 42. Ra6+
Kc7 43. Raxd6 Rxd6 44. Rxf3 Rd4 45. Kb3 Rxe4 46. Rf1 Kb6 47. Rd1 Kc5 48. c3 Rf4
49. Rd8 Rf6 50. Rc8+ Kb6 51. Re8 Rf5 52. Kb4 Rf4+ 53. c4 e4 54. Re6+ Kb7 55.
Kb5 Kc7 56. c5 Kd7 57. Rd6+ Kc7 58. Rd4 Rh4 59. a5 Rh8 60. Rxe4 Rb8+ 61. Kc4
Ra8 62. Rh4 Rxa5 63. Kd5 Ra1 64. Rh7+ Kd8 65. Kd6 Rd1+ 66. Kc6 Rb1 67. Rh8+ Ke7
68. Ra8 Rb2 69. Kc7 Rb1 70. Rb8 Rc1 71. c6 Rc2 72. Rb7 Ke8 73. Rb3 Re2 74. Rd3
Rc2 75. Re3+ Kf7 76. Kd7 Rd2+ 77. Kc8 Rc2 78. c7 Rb2 79. Re5 Rb1 80. Kd7 Rd1+
81. Kc6 1-0

[Event "18e tournoi d'automne - tournoi A"]
[Site "Montigny le Bretonneux"]
[Date "2019.10.25"]
[Round "7.5"]
[White "Claisse, Patrick"]
[Black "Forissier, Nicolas"]
[Result "1-0"]
[WhiteElo "1757"]
[BlackElo "1929"]
[Annotator "Rivier,Sylvain"]
[PlyCount "93"]
[EventDate "2019.??.??"]

{Partie espagnole, gambit J�nisch} 1. e4 e5 2. Nf3 Nc6 3. Bb5 f5 4. d3 Nf6 5.
O-O d6 6. Re1 Be7 7. Nc3 O-O 8. Bc4+ Kh8 9. Ng5 Qe8 10. Ne6 Bxe6 11. Bxe6 fxe4
12. dxe4 Nd4 13. Bh3 Nh5 14. Be3 Bh4 15. Bg4 Nf6 16. Be2 Qg6 17. g3 Nxe2+ 18.
Rxe2 Bg5 19. Bxg5 Qxg5 20. Qf1 Rf7 21. Qg2 Raf8 22. Rf1 Nd7 23. f3 Nc5 24. Nd5
c6 25. Ne3 Qd8 26. c4 Qb6 27. Kh1 g6 28. h4 Ne6 29. Ng4 Kg7 30. Nh2 Qb4 31. b3
a5 32. Qh3 Nd4 33. Ref2 a4 34. Qg4 axb3 35. axb3 Qxb3 36. c5 dxc5 37. h5 Qd3
38. Qg5 Re8 39. Ng4 Nxf3 40. Qh6+ Kg8 41. hxg6 hxg6 42. Qxg6+ Kf8 43. Nh6 Qd7
44. Qg8+ Ke7 45. Qxf7+ Kd8 46. Qxd7+ Kxd7 47. Rxf3 1-0

[Event "18e tournoi d'automne - tournoi A"]
[Site "Montigny le Bretonneux"]
[Date "2019.10.26"]
[Round "8.1"]
[White "Plantet, Marc"]
[Black "Gouanelle, Franck"]
[Result "0-1"]
[WhiteElo "1731"]
[BlackElo "2131"]
[Annotator "Rivier,Sylvain"]
[PlyCount "70"]
[EventDate "2019.??.??"]

{D�fense scandinave} 1. e4 d5 2. Nf3 dxe4 3. Ng5 Bf5 4. Bc4 e6 5. d3 Nf6 6. O-O
h6 7. dxe4 Qxd1 8. Rxd1 Nxe4 9. Nxe4 Bxe4 10. Nc3 Bxc2 11. Rd2 Bf5 12. Nb5 Na6
13. Nd4 Bb4 14. Nxf5 Bxd2 15. Nxg7+ Kf8 16. Nxe6+ fxe6 17. Bxd2 Kf7 18. Re1
Rae8 19. f4 c6 20. Bc3 Rhg8 21. f5 Nc7 22. fxe6+ Nxe6 23. Rf1+ Ke7 24. Rf6 Kd7
25. Rxh6 b5 26. Bb3 c5 27. a4 a6 28. Bd5 b4 29. Be5 Rg5 30. Rh7+ Re7 31. Bf6
Rxh7 32. Bxe6+ Kxe6 33. Bxg5 c4 34. h4 c3 35. bxc3 b3 0-1

[Event "18e tournoi d'automne - tournoi A"]
[Site "Montigny le Bretonneux"]
[Date "2019.10.26"]
[Round "8.2"]
[White "Veron, Cyprien"]
[Black "Rumeau, Jean-Michel"]
[Result "1-0"]
[WhiteElo "2024"]
[BlackElo "1934"]
[Annotator "Rivier,Sylvain"]
[PlyCount "69"]
[EventDate "2019.??.??"]

{D�fense est-indienne, variante du fianchetto principale} 1. Nf3 Nf6 2. c4 g6
3. g3 Bg7 4. Bg2 d6 5. d4 Nbd7 6. Nc3 O-O 7. O-O Re8 8. e4 e5 9. h3 c6 10. Be3
exd4 11. Nxd4 Nc5 12. Qc2 a5 13. Rad1 Qc7 14. Rfe1 Be6 15. b3 Rad8 16. Kh2 Qc8
17. f4 Nh5 18. g4 Bxg4 19. hxg4 Qxg4 20. Qf2 Bh6 21. Rf1 Qc8 22. a3 Nf6 23. Bh3
Qc7 24. Qh4 Nfxe4 25. Nxe4 Rxe4 26. Nf5 Rxe3 27. Nxe3 Bg7 28. Ng4 h5 29. Nf6+
Kf8 30. Rfe1 Nxb3 31. Rd3 Nc5 32. Rde3 Ne6 33. Bxe6 fxe6 34. Rxe6 Qb6 35. Re8+
1-0

[Event "18e tournoi d'automne - tournoi A"]
[Site "Montigny le Bretonneux"]
[Date "2019.10.26"]
[Round "8.3"]
[White "Forissier, Nicolas"]
[Black "Drouot, Frederic"]
[Result "1-0"]
[WhiteElo "1929"]
[BlackElo "1972"]
[Annotator "Rivier,Sylvain"]
[PlyCount "59"]
[EventDate "2019.??.??"]

{D�fense bogo-indienne} 1. d4 Nf6 2. c4 e6 3. Nc3 Bb4 4. Nf3 c5 5. Bd2 O-O 6.
e3 Nc6 7. Bd3 d5 8. dxc5 dxc4 9. Bxc4 Bxc5 10. Qc2 Nb4 11. Qb1 a6 12. Ne4 Nxe4
13. Qxe4 Bd7 14. Rd1 Bc6 15. Qb1 Bxf3 16. gxf3 Qh4 17. Qe4 Qxe4 18. fxe4 b5 19.
Bb3 Nd3+ 20. Ke2 Nxb2 21. Rdg1 g6 22. Bc3 Nc4 23. h4 h5 24. Bf6 Rfc8 25. Rg5
Ra7 26. Rhg1 Kh7 27. e5 Rd7 28. Rxh5+ gxh5 29. Bc2+ Kh6 30. Bg7# 1-0

[Event "18e tournoi d'automne - tournoi A"]
[Site "Montigny le Bretonneux"]
[Date "2019.10.26"]
[Round "8.4"]
[White "Boulemnakher, Karim"]
[Black "Verat-Fayolle, Celian"]
[Result "0-1"]
[WhiteElo "1845"]
[BlackElo "1843"]
[Annotator "Rivier,Sylvain"]
[PlyCount "42"]
[EventDate "2019.??.??"]

{Partie espagnole} 1. e4 e5 2. Nf3 Nc6 3. Bb5 Nge7 4. O-O g6 5. d4 exd4 6. Nxd4
Bg7 7. Be3 O-O 8. c3 d5 9. exd5 Nxd5 10. Nxc6 bxc6 11. Bxc6 Nxe3 12. Qe2 Nxf1
13. Bxa8 Bf5 14. Bf3 Bxb1 15. Qxf1 Bd3 16. Qe1 Re8 17. Qd2 Bf5 18. Qf4 Qd6 19.
Qa4 Bd7 20. Qxa7 Qd2 21. Rf1 Bb5 0-1

[Event "18e tournoi d'automne - tournoi A"]
[Site "Montigny le Bretonneux"]
[Date "2019.10.26"]
[Round "8.5"]
[White "Taramelli, Marc"]
[Black "Claisse, Patrick"]
[Result "1-0"]
[WhiteElo "1829"]
[BlackElo "1757"]
[Annotator "Rivier,Sylvain"]
[PlyCount "25"]
[EventDate "2019.??.??"]

{Partie du pion dame} 1. d4 Nf6 2. Nf3 g6 3. Nc3 d5 4. Bf4 c6 5. e3 Bg7 6. h4
Bg4 7. Be2 Nbd7 8. Ne5 Bxe2 9. Qxe2 h5 10. f3 e6 11. O-O-O Qe7 12. g4 O-O-O 13.
Nxc6 1-0

[Event "18e tournoi d'automne - tournoi A"]
[Site "Montigny le Bretonneux"]
[Date "2019.10.27"]
[Round "9.2"]
[White "Claisse, Patrick"]
[Black "Veron, Cyprien"]
[Result "0-1"]
[WhiteElo "1757"]
[BlackElo "2024"]
[Annotator "Rivier,Sylvain"]
[PlyCount "84"]
[EventDate "2019.??.??"]

{Partie espagnole, défense Breyer} 1. e4 e5 2. Nf3 Nc6 3. Bb5 a6 4. Ba4 Nf6 5.
O-O Be7 6. Re1 b5 7. Bb3 d6 8. c3 O-O 9. h3 Nb8 10. d4 Nbd7 11. Nbd2 Bb7 12. d5
c6 13. c4 bxc4 14. dxc6 Bxc6 15. Bxc4 Nc5 16. Qc2 Qc8 17. b4 Ne6 18. Bb2 Nf4
19. Bf1 Qb7 20. g3 Ne6 21. a3 Rfc8 22. Bd3 Bb5 23. Qb3 Qd7 24. Bxb5 axb5 25.
Kg2 Nh5 26. Ng1 Bg5 27. Ndf3 Bh6 28. Bc1 Bxc1 29. Raxc1 Rxc1 30. Rxc1 Ra4 31.
Qc3 Kf8 32. Qc8+ Ke7 33. Qxd7+ Kxd7 34. Rc3 g6 35. Ne2 f5 36. Nd2 Nf6 37. f3
Ra7 38. Kf2 fxe4 39. fxe4 Ng5 40. Ke3 Nxh3 41. Nf3 Ng4+ 42. Kd2 Nhf2 0-1

[Event "18e tournoi d'automne - tournoi A"]
[Site "Montigny le Bretonneux"]
[Date "2019.10.27"]
[Round "9.3"]
[White "Drouot, Frederic"]
[Black "Taramelli, Marc"]
[Result "1-0"]
[WhiteElo "1972"]
[BlackElo "1829"]
[Annotator "Rivier,Sylvain"]
[PlyCount "81"]
[EventDate "2019.??.??"]

{Gambit dame, défense semi-slave} 1. d4 d5 2. Nf3 e6 3. c4 c6 4. e3 Nf6 5. Nc3
Nbd7 6. cxd5 exd5 7. Bd3 Bd6 8. O-O O-O 9. Rb1 a5 10. Qc2 Re8 11. a3 Qe7 12.
Bd2 Ne4 13. Be1 Ndf6 14. h3 g5 15. Nd2 Nxd2 16. Bxd2 g4 17. Bf5 gxh3 18. g3 Ne4
19. Bxc8 h2+ 20. Kg2 Raxc8 21. Nxe4 dxe4 22. Rh1 Qf6 23. Qd1 Qf5 24. Rxh2 Re6
25. Rh5 Qg6 26. Rh4 f5 27. Bxa5 Be7 28. Rh3 Rf8 29. Qh5 f4 30. Qxg6+ Rxg6 31.
exf4 Rxf4 32. Re1 Bd6 33. Re3 Rf5 34. Be1 Re6 35. Rh4 Rd5 36. Rhxe4 Rxe4 37.
Rxe4 c5 38. Bc3 Rg5 39. dxc5 Bxc5 40. f4 Rd5 41. Re5 1-0

[Event "18e tournoi d'automne - tournoi A"]
[Site "Montigny le Bretonneux"]
[Date "2019.10.27"]
[Round "9.4"]
[White "Rumeau, Jean-Michel"]
[Black "Plantet, Marc"]
[Result "1-0"]
[WhiteElo "1934"]
[BlackElo "1731"]
[Annotator "Rivier,Sylvain"]
[PlyCount "49"]
[EventDate "2019.??.??"]

{D�fense des deux cavaliers} 1. e4 e5 2. Nf3 Nf6 3. Nc3 Nc6 4. Bc4 Nxe4 5.
Bxf7+ Kxf7 6. Nxe4 Be7 7. d4 Re8 8. d5 Nd4 9. Nxe5+ Kg8 10. Qxd4 Bf6 11. f4 d6
12. Nxf6+ Qxf6 13. O-O dxe5 14. fxe5 Qxe5 15. Qc4 Bd7 16. Bf4 Qe4 17. Qb3 Qd4+
18. Kh1 Re2 19. Qxb7 Rae8 20. Qb3 Ba4 21. Qf3 Bxc2 22. Be3 R2xe3 23. Qf7+ Kh8
24. Qf8+ Rxf8 25. Rxf8# 1-0

[Event "18e tournoi d'automne - tournoi A"]
[Site "Montigny le Bretonneux"]
[Date "2019.10.27"]
[Round "9.5"]
[White "Verat-Fayolle, Celian"]
[Black "Forissier, Nicolas"]
[Result "1-0"]
[WhiteElo "1843"]
[BlackElo "1929"]
[Annotator "Rivier,Sylvain"]
[PlyCount "89"]
[EventDate "2019.??.??"]

{D�fense Pirc} 1. e4 g6 2. d4 Bg7 3. Bc4 d6 4. Nc3 Nf6 5. Qe2 e5 6. dxe5 dxe5
7. Nf3 Qe7 8. Bg5 c6 9. O-O-O O-O 10. Qe3 b5 11. Bb3 a5 12. a4 Ba6 13. h4 b4
14. Ne2 Nbd7 15. Rxd7 Qxd7 16. Bxf6 Bxf6 17. Ng3 Qg4 18. Qc5 Bc8 19. Qxc6 Be6
20. Kb1 Bxb3 21. Qxf6 Qf4 22. Qxe5 Qxe5 23. Nxe5 Bxa4 24. Ng4 Rac8 25. b3 Bc6
26. h5 f5 27. exf5 gxh5 28. Nxh5 Rxf5 29. Nh6+ Kf8 30. Nxf5 Be4 31. Ne3 Kf7 32.
Ng3 Bg6 33. Nc4 Kf6 34. f4 Rc7 35. f5 Be8 36. Ne4+ Kg7 37. f6+ Kg6 38. f7 Bxf7
39. Ne5+ Kg7 40. Nxf7 Rxf7 41. Rxh7+ Kxh7 42. Ng5+ Kg6 43. Nxf7 Kxf7 44. Kc1
Ke6 45. Kd2 1-0